<?xml version="1.0" encoding="UTF-8"?>
<record
    xmlns:xsi="http://www.w3.org/2001/XMLSchema-instance"
    xsi:schemaLocation="http://www.loc.gov/MARC21/slim http://www.loc.gov/standards/marcxml/schema/MARC21slim.xsd"
    xmlns="http://www.loc.gov/MARC21/slim">

  <leader>00851nam a22002417a 4500</leader>
  <controlfield tag="005">20111104120821.0</controlfield>
  <controlfield tag="008">111104t        xxu||||| |||| 00| 0 eng d</controlfield>
  <datafield tag="010" ind1=" " ind2=" ">
    <subfield code="a">ENG-104037</subfield>
  </datafield>
  <datafield tag="020" ind1=" " ind2=" ">
    <subfield code="a">9788124116425</subfield>
    <subfield code="c">695.00</subfield>
  </datafield>
  <datafield tag="035" ind1=" " ind2=" ">
    <subfield code="a">EN-87570</subfield>
  </datafield>
  <datafield tag="037" ind1=" " ind2=" ">
    <subfield code="b">DBAD/PUB</subfield>
  </datafield>
  <datafield tag="040" ind1=" " ind2=" ">
    <subfield code="a">DPL</subfield>
    <subfield code="b">Eng</subfield>
  </datafield>
  <datafield tag="082" ind1=" " ind2=" ">
    <subfield code="a">512.2</subfield>
  </datafield>
  <datafield tag="100" ind1=" " ind2=" ">
    <subfield code="9">35683</subfield>
    <subfield code="a">Mittal, P.K.</subfield>
  </datafield>
  <datafield tag="245" ind1=" " ind2=" ">
    <subfield code="a">A textbook of group theory /</subfield>
    <subfield code="c">by  P.K. Mittal [and] Jai Dev Anand</subfield>
  </datafield>
  <datafield tag="250" ind1=" " ind2=" ">
    <subfield code="a">rev. ed</subfield>
  </datafield>
  <datafield tag="260" ind1=" " ind2=" ">
    <subfield code="a">New Delhi</subfield>
    <subfield code="b">Har-Anand Publications</subfield>
    <subfield code="c">2011</subfield>
  </datafield>
  <datafield tag="270" ind1=" " ind2=" ">
    <subfield code="a">E-49/3, Okhla Industrial Area, Phase-II</subfield>
    <subfield code="b">New Delhi</subfield>
    <subfield code="e">110020</subfield>
  </datafield>
  <datafield tag="300" ind1=" " ind2=" ">
    <subfield code="a">x,201p.</subfield>
    <subfield code="c">22cm (Hb)</subfield>
  </datafield>
  <datafield tag="700" ind1=" " ind2=" ">
    <subfield code="9">35668</subfield>
    <subfield code="a">Anand, Jai Dev</subfield>
  </datafield>
  <datafield tag="942" ind1=" " ind2=" ">
    <subfield code="2">ddc</subfield>
    <subfield code="c">EN</subfield>
    <subfield code="h">512.2</subfield>
    <subfield code="m">MIT</subfield>
  </datafield>
  <datafield tag="999" ind1=" " ind2=" ">
    <subfield code="c">58113</subfield>
    <subfield code="d">58113</subfield>
  </datafield>
  <datafield tag="952" ind1=" " ind2=" ">
    <subfield code="0">0</subfield>
    <subfield code="1">0</subfield>
    <subfield code="2">ddc</subfield>
    <subfield code="4">0</subfield>
    <subfield code="7">1</subfield>
    <subfield code="8">NFIC</subfield>
    <subfield code="a">DBAD</subfield>
    <subfield code="b">DBAD</subfield>
    <subfield code="d">2011-11-04</subfield>
    <subfield code="e">DBAD/PUB</subfield>
    <subfield code="g">695.00</subfield>
    <subfield code="l">0</subfield>
    <subfield code="o">512.2 MIT</subfield>
    <subfield code="p">EN-87570</subfield>
    <subfield code="r">2011-11-04 00:00:00</subfield>
    <subfield code="t">1</subfield>
    <subfield code="v">695.00</subfield>
    <subfield code="w">2011-11-04</subfield>
    <subfield code="y">EN</subfield>
  </datafield>
</record>
